[Event "2023 Welsh Championship"]
[Site "Cardiff"]
[Date "2023.04.07"]
[Round "2"]
[Board "3"]
[White "Blackburn, Jonathan L B"]
[Black "Mckenna, Joshua"]
[Result "1-0"]
[WhiteElo "2162"]
[BlackElo "1688"]
[PlyCount "0"]
[EventDate "2023.04.07"]
[EventRounds "7"]
[EventCountry "WLS"]

1. d4 {[%clk 01:30:57]} {[%emt 00:00:02]} Nf6 {[%clk 01:30:34]} {[%emt
00:00:29]} 2. c4 {[%clk 01:31:23]} {[%emt 00:00:02]} g6 {[%clk 01:30:40]}
{[%emt 00:00:23]} 3. Nc3 {[%clk 01:31:50]} {[%emt 00:00:06]} Bg7 {[%clk
01:30:56]} {[%emt 00:00:11]} 4. e4 {[%clk 01:32:17]} {[%emt 00:00:03]} d6
{[%clk 01:30:56]} {[%emt 00:00:29]} 5. h3 {[%clk 01:32:40]} {[%emt 00:00:08]}
O-O {[%clk 01:29:45]} {[%emt 00:01:41]} 6. Be3 {[%clk 01:32:50]} {[%emt
00:00:22]} e5 {[%clk 01:27:46]} {[%emt 00:02:26]} 7. d5 {[%clk 01:33:16]}
{[%emt 00:00:04]} Nbd7 {[%clk 01:26:12]} {[%emt 00:02:05]} 8. g4 {[%clk
01:33:19]} {[%emt 00:00:27]} Nc5 {[%clk 01:23:53]} {[%emt 00:02:48]} 9. f3
{[%clk 01:33:42]} {[%emt 00:00:07]} b6 {[%clk 01:21:34]} {[%emt 00:02:51]} 10.
b4 {[%clk 01:27:33]} {[%emt 00:06:37]} Ncd7 {[%clk 01:19:23]} {[%emt 00:02:40]}
11. a3 {[%clk 01:26:36]} {[%emt 00:01:28]} a6 {[%clk 01:17:57]} {[%emt
00:01:56]} 12. Qd2 {[%clk 01:18:49]} {[%emt 00:08:17]} Re8 {[%clk 01:14:53]}
{[%emt 00:03:34]} 13. Bg5 {[%clk 01:14:23]} {[%emt 00:04:56]} Qe7 {[%clk
01:12:09]} {[%emt 00:03:13]} 14. h4 {[%clk 01:10:01]} {[%emt 00:04:53]} Qf8
{[%clk 01:10:05]} {[%emt 00:02:33]} 15. Be3 {[%clk 01:08:59]} {[%emt 00:01:33]}
Qe7 {[%clk 01:07:19]} {[%emt 00:03:16]} 16. h5 {[%clk 01:08:02]} {[%emt
00:01:26]} Bh8 {[%clk 01:03:44]} {[%emt 00:04:05]} 17. Nge2 {[%clk 01:03:58]}
{[%emt 00:04:34]} Bb7 {[%clk 00:58:55]} {[%emt 00:05:19]} 18. Ng3 {[%clk
01:03:05]} {[%emt 00:01:23]} Red8 {[%clk 00:56:39]} {[%emt 00:02:46]} 19. Bd3
{[%clk 00:57:42]} {[%emt 00:05:53]} a5 {[%clk 00:50:09]} {[%emt 00:07:00]} 20.
Rc1 {[%clk 00:55:28]} {[%emt 00:02:44]} axb4 {[%clk 00:48:27]} {[%emt
00:02:12]} 21. axb4 {[%clk 00:55:48]} {[%emt 00:00:10]} Ba6 {[%clk 00:46:57]}
{[%emt 00:02:00]} 22. hxg6 {[%clk 00:51:33]} {[%emt 00:04:45]} fxg6 {[%clk
00:46:42]} {[%emt 00:00:44]} 23. g5 {[%clk 00:50:37]} {[%emt 00:01:26]} Ne8
{[%clk 00:45:06]} {[%emt 00:02:06]} 24. Nd1 {[%clk 00:49:37]} {[%emt 00:01:31]}
Qf8 {[%clk 00:42:22]} {[%emt 00:03:13]} 25. Qh2 {[%clk 00:47:17]} {[%emt
00:02:50]} Qf7 {[%clk 00:42:25]} {[%emt 00:00:28]} 26. Nf2 {[%clk 00:43:53]}
{[%emt 00:03:55]} Nf8 {[%clk 00:42:00]} {[%emt 00:00:54]} 27. Ng4 {[%clk
00:43:57]} {[%emt 00:00:26]} Bg7 {[%clk 00:41:49]} {[%emt 00:00:41]} 28. O-O
{[%clk 00:39:01]} {[%emt 00:05:25]} Bc8 {[%clk 00:40:48]} {[%emt 00:01:31]} 29.
Qe2 {[%clk 00:37:29]} {[%emt 00:02:03]} Bxg4 {[%clk 00:39:26]} {[%emt
00:01:52]} 30. fxg4 {[%clk 00:37:56]} {[%emt 00:00:04]} Qd7 {[%clk 00:38:59]}
{[%emt 00:00:56]} 31. c5 {[%clk 00:36:59]} {[%emt 00:01:28]} bxc5 {[%clk
00:36:48]} {[%emt 00:02:40]} 32. bxc5 {[%clk 00:35:13]} {[%emt 00:02:16]} dxc5
{[%clk 00:32:45]} {[%emt 00:04:34]} 33. Rxc5 {[%clk 00:34:22]} {[%emt
00:01:20]} Nd6 {[%clk 00:32:17]} {[%emt 00:00:57]} 34. Rfc1 {[%clk 00:33:52]}
{[%emt 00:01:01]} Rdc8 {[%clk 00:32:00]} {[%emt 00:00:47]} 35. Kg2 {[%emt
00:01:30]} Qd8 {[%clk 00:31:06]} {[%emt 00:01:10]} 36. Ba6 {[%clk 00:31:37]}
{[%emt 00:02:00]} Nd7 {[%clk 00:26:39]} {[%emt 00:04:56]} 37. Rc6 {[%clk
00:31:10]} {[%emt 00:00:58]} Rcb8 {[%clk 00:22:44]} {[%emt 00:04:25]} 38. Rxc7
{[%clk 00:31:25]} {[%emt 00:00:15]} Bf8 {[%clk 00:20:47]} {[%emt 00:02:27]} 39.
R1c2 {[%clk 00:25:25]} {[%emt 00:06:30]} Be7 {[%clk 00:18:25]} {[%emt
00:02:51]} 40. R7c6 {[%clk 00:21:34]} {[%emt 00:04:22]} Nf7 {[%clk 00:15:15]}
{[%emt 00:03:40]} 41. Bc4 {[%emt 00:08:14]} Bxg5 {[%clk 00:12:22]} {[%emt
00:02:30]} 42. Bxg5 {[%clk 00:13:32]} {[%emt 00:01:41]} Qxg5 {[%clk 00:10:50]}
{[%emt 00:02:02]} 43. d6 {[%clk 00:13:02]} {[%emt 00:01:01]} Qd8 {[%clk
00:28:46]} {[%emt 00:12:33]} 44. Qf1 {[%clk 00:41:08]} {[%emt 00:02:25]} Qe8
{[%clk 00:25:49]} {[%emt 00:03:27]} 45. Rf2 {[%clk 00:40:05]} {[%emt 00:01:33]}
Nf6 {[%clk 00:24:13]} {[%emt 00:02:05]} 46. Rc7 {[%clk 00:39:00]} {[%emt
00:01:36]} Nxg4 {[%clk 00:22:57]} {[%emt 00:01:46]} 47. Rfxf7 {[%clk 00:38:54]}
{[%emt 00:00:36]} Ne3+ {[%clk 00:23:06]} {[%emt 00:00:20]} 48. Kh3 {[%clk
00:38:45]} {[%emt 00:00:39]} Nxf1 {[%clk 00:22:32]} {[%emt 00:01:05]} 49. Rg7+
{[%clk 00:39:09]} {[%emt 00:00:06]} Kf8 {[%clk 00:22:05]} {[%emt 00:00:56]} 50.
Rg8# {[%clk 00:39:34]} {[%emt 00:00:06]}  1-0

[Event "2023 Welsh Championship"]
[Site "Cardiff"]
[Date "2023.04.07"]
[Round "2"]
[Board "4"]
[White "Jukes, Sam"]
[Black "Bullen, Alex"]
[Result "1-0"]
[WhiteElo "1900"]
[BlackElo "2157"]
[PlyCount "0"]
[EventDate "2023.04.07"]
[EventRounds "7"]
[EventCountry "WLS"]

1. e4 {[%clk 01:30:44]} {[%emt 00:00:20]} c6 {[%clk 01:30:54]} {[%emt
00:00:07]} 2. d4 {[%clk 01:31:09]} {[%emt 00:00:03]} d5 {[%clk 01:31:17]}
{[%emt 00:00:06]} 3. Nc3 {[%clk 01:31:35]} {[%emt 00:00:10]} dxe4 {[%clk
01:31:40]} 4. Nxe4 {[%clk 01:32:00]} {[%emt 00:00:05]} Nf6 {[%clk 01:32:02]}
{[%emt 00:00:08]} 5. Nxf6+ {[%clk 01:32:10]} {[%emt 00:00:24]} exf6 {[%clk
01:32:24]} {[%emt 00:00:07]} 6. c3 {[%clk 01:32:11]} {[%emt 00:00:26]} Bd6
{[%clk 01:32:41]} {[%emt 00:00:18]} 7. Bd3 {[%clk 01:32:19]} {[%emt 00:00:17]}
O-O {[%clk 01:32:43]} {[%emt 00:00:26]} 8. Qc2 {[%clk 01:32:27]} {[%emt
00:00:25]} Re8+ {[%clk 01:33:06]} {[%emt 00:00:08]} 9. Ne2 {[%clk 01:32:43]}
{[%emt 00:00:12]} h5 {[%clk 01:33:29]} {[%emt 00:00:09]} 10. Be3 {[%clk
01:31:56]} {[%emt 00:01:25]} Nd7 {[%clk 01:33:52]} {[%emt 00:00:13]} 11. O-O-O
{[%clk 01:32:08]} {[%emt 00:00:01]} Nf8 {[%clk 01:34:17]} {[%emt 00:00:16]} 12.
c4 {[%clk 01:30:50]} {[%emt 00:01:38]} Be6 {[%clk 01:32:30]} {[%emt 00:02:18]}
13. h3 {[%clk 01:18:30]} {[%emt 00:12:49]} b5 {[%clk 01:27:08]} {[%emt
00:05:53]} 14. c5 {[%clk 01:04:58]} {[%emt 00:14:03]} Bc7 {[%clk 01:20:48]}
{[%emt 00:06:49]} 15. Kb1 {[%clk 01:04:52]} {[%emt 00:00:35]} a5 {[%clk
01:16:12]} {[%emt 00:05:06]} 16. g4 {[%clk 01:02:16]} {[%emt 00:03:06]} h4
{[%clk 01:16:24]} {[%emt 00:00:17]} 17. g5 {[%clk 00:51:57]} {[%emt 00:10:50]}
fxg5 {[%clk 01:13:25]} {[%emt 00:03:30]} 18. Qd2 {[%clk 00:50:13]} {[%emt
00:02:14]} f6 {[%clk 01:08:19]} {[%emt 00:05:36]} 19. f4 {[%clk 00:39:57]}
{[%emt 00:10:45]} gxf4 {[%clk 01:01:51]} {[%emt 00:06:57]} 20. Bxf4 {[%clk
00:38:55]} {[%emt 00:01:33]} Qd5 {[%clk 00:55:04]} {[%emt 00:07:17]} 21. Nc3
{[%clk 00:36:17]} {[%emt 00:03:09]} Qd7 {[%clk 00:55:23]} {[%emt 00:00:10]} 22.
Rhg1 {[%clk 00:35:01]} {[%emt 00:01:46]} Bf5 {[%clk 00:36:24]} {[%emt
00:19:30]} 23. Bxc7 {[%clk 00:32:05]} {[%emt 00:03:26]} Bxd3+ {[%clk 00:36:47]}
{[%emt 00:00:07]} 24. Qxd3 {[%clk 00:32:29]} {[%emt 00:00:06]} Qxc7 {[%clk
00:37:09]} {[%emt 00:00:07]} 25. Ne4 {[%clk 00:29:24]} {[%emt 00:03:35]} Nh7
{[%clk 00:28:12]} {[%emt 00:09:28]} 26. Nd6 {[%clk 00:27:06]} {[%emt 00:02:48]}
Rf8 {[%clk 00:28:35]} {[%emt 00:00:07]} 27. Qb3+ {[%clk 00:22:28]} {[%emt
00:05:08]} Kh8 {[%clk 00:28:31]} {[%emt 00:00:33]} 28. Qe6 {[%clk 00:22:17]}
{[%emt 00:00:41]} Ra7 {[%clk 00:26:42]} {[%emt 00:02:20]} 29. Qg4 {[%clk
00:18:35]} {[%emt 00:04:12]} g5 {[%clk 00:24:57]} {[%emt 00:02:14]} 30. Qh5
{[%clk 00:18:34]} {[%emt 00:00:31]} Qg7 {[%clk 00:20:58]} {[%emt 00:04:29]} 31.
Rde1 {[%clk 00:15:19]} {[%emt 00:03:45]} Re7 {[%clk 00:16:55]} {[%emt
00:04:34]} 32. Nf5 {[%clk 00:15:28]} {[%emt 00:00:21]} Rxe1+ {[%clk 00:17:16]}
{[%emt 00:00:08]} 33. Rxe1 {[%clk 00:15:54]} {[%emt 00:00:04]} Qf7 {[%clk
00:10:48]} {[%emt 00:06:58]} 34. Qh6 {[%clk 00:14:29]} {[%emt 00:01:55]} Rg8
{[%clk 00:10:08]} {[%emt 00:01:11]} 35. Re7 {[%clk 00:11:31]} {[%emt 00:03:28]}
Qg6 {[%clk 00:10:27]} {[%emt 00:00:10]} 36. Rxh7+ {[%clk 00:11:29]} {[%emt
00:00:32]} Qxh7 {[%clk 00:10:50]} {[%emt 00:00:07]} 37. Qxf6+ {[%clk 00:11:54]}
{[%emt 00:00:04]} Rg7 {[%clk 00:11:13]} {[%emt 00:00:08]} 38. d5 {[%clk
00:12:07]} {[%emt 00:00:18]} g4 {[%clk 00:09:09]} {[%emt 00:02:34]} 39. dxc6
{[%clk 00:11:26]} {[%emt 00:01:11]} g3 {[%clk 00:08:01]} {[%emt 00:01:37]} 40.
c7 {[%clk 00:11:46]} {[%emt 00:00:11]} Qxf5+ {[%clk 00:08:02]} {[%emt
00:00:29]} 41. Qxf5 {[%clk 00:11:57]} {[%emt 00:00:19]} Rxc7 {[%clk 00:08:03]}
{[%emt 00:00:29]} 42. Qf4 {[%clk 00:10:40]} {[%emt 00:01:45]} g2 {[%clk
00:05:12]} {[%emt 00:03:21]} 43. Qxh4+ {[%clk 00:10:44]} {[%emt 00:00:26]} Rh7
{[%clk 00:04:19]} {[%emt 00:01:23]} 44. Qd8+ {[%clk 00:11:05]} {[%emt
00:00:09]} Kg7 {[%clk 00:04:44]} {[%emt 00:00:05]} 45. Qg5+ {[%clk 00:11:29]}
{[%emt 00:00:06]}  1-0

[Event "2023 Welsh Championship"]
[Site "Cardiff"]
[Date "2023.04.07"]
[Round "2"]
[Board "5"]
[White "Turner, Joseph David"]
[Black "Everett, Elijah"]
[Result "1/2-1/2"]
[WhiteElo "1862"]
[BlackElo "2202"]
[PlyCount "0"]
[EventDate "2023.04.07"]
[EventRounds "7"]
[EventCountry "WLS"]

1. e4 {[%clk 01:30:59]} {[%emt 00:27:40]} c5 {[%clk 01:30:53]} {[%emt
00:00:12]} 2. Nf3 {[%clk 01:31:25]} d6 {[%clk 01:31:14]} {[%emt 00:00:10]} 3.
d4 {[%clk 01:31:42]} {[%emt 00:00:12]} cxd4 {[%clk 01:31:36]} {[%emt 00:00:08]}
4. Nxd4 {[%clk 01:32:08]} {[%emt 00:00:03]} Nf6 {[%clk 01:31:57]} {[%emt
00:00:10]} 5. Nc3 {[%clk 01:31:52]} {[%emt 00:00:48]} a6 {[%clk 01:32:16]}
{[%emt 00:00:11]} 6. f3 {[%clk 01:20:12]} {[%emt 00:12:08]} e5 {[%clk
01:32:06]} {[%emt 00:00:39]} 7. Nb3 {[%clk 01:19:14]} {[%emt 00:01:29]} Be6
{[%clk 01:31:46]} {[%emt 00:00:49]} 8. Bg5 {[%clk 01:18:31]} {[%emt 00:01:12]}
Nbd7 {[%clk 01:29:56]} {[%emt 00:02:21]} 9. Qd2 {[%clk 01:15:29]} {[%emt
00:03:34]} Be7 {[%clk 01:28:46]} {[%emt 00:01:38]} 10. Be2 {[%clk 01:10:38]}
{[%emt 00:05:22]} O-O {[%clk 01:27:10]} {[%emt 00:02:06]} 11. O-O-O {[%clk
01:03:56]} {[%emt 00:07:13]} b5 {[%clk 01:22:54]} {[%emt 00:04:46]} 12. h4
{[%clk 00:53:56]} {[%emt 00:10:30]} b4 {[%clk 01:18:59]} {[%emt 00:04:24]} 13.
Nd5 {[%clk 00:50:25]} {[%emt 00:04:03]} Bxd5 {[%clk 01:19:05]} {[%emt
00:00:23]} 14. exd5 {[%clk 00:49:58]} {[%emt 00:00:57]} a5 {[%clk 01:18:50]}
{[%emt 00:00:44]} 15. Kb1 {[%clk 00:43:02]} {[%emt 00:07:27]} a4 {[%clk
01:12:39]} {[%emt 00:06:41]} 16. Nc1 {[%clk 00:42:25]} {[%emt 00:01:07]} Qa5
{[%clk 01:10:44]} {[%emt 00:02:23]} 17. Nd3 {[%clk 00:31:48]} {[%emt 00:11:08]}
Rfb8 {[%clk 01:01:10]} {[%emt 00:10:02]} 18. Nf2 {[%clk 00:29:37]} {[%emt
00:02:42]} Qc7 {[%clk 00:56:26]} {[%emt 00:05:14]} 19. g4 {[%clk 00:22:33]}
{[%emt 00:07:35]} Ra5 {[%clk 00:52:40]} {[%emt 00:04:15]} 20. Ne4 {[%clk
00:16:22]} {[%emt 00:06:42]} Rxd5 {[%clk 00:50:49]} {[%emt 00:02:20]} 21. Qc1
{[%clk 00:16:19]} {[%emt 00:00:34]} Rxd1 {[%clk 00:48:32]} {[%emt 00:02:46]} 22.
Rxd1 {[%clk 00:16:20]} {[%emt 00:00:29]} a3 {[%clk 00:37:32]} {[%emt 00:11:30]}
23. Bxf6 {[%clk 00:13:27]} {[%emt 00:03:24]} Nxf6 {[%clk 00:36:12]} {[%emt
00:01:48]} 24. Nxf6+ {[%clk 00:11:46]} {[%emt 00:02:12]} Bxf6 {[%clk 00:36:34]}
{[%emt 00:00:08]} 25. g5 {[%clk 00:12:07]} {[%emt 00:00:09]} axb2 {[%clk
00:36:18]} {[%emt 00:00:45]} 26. Qxb2 {[%clk 00:11:16]} {[%emt 00:01:22]} Be7
{[%clk 00:36:08]} {[%emt 00:00:39]} 27. Rd5 {[%clk 00:08:52]} {[%emt 00:02:56]}
Qa7 {[%clk 00:33:43]} {[%emt 00:02:55]} 28. Qb3 {[%clk 00:07:38]} {[%emt
00:01:44]} Qf2 {[%clk 00:32:01]} {[%emt 00:02:10]} 29. Qc4 {[%clk 00:07:31]}
{[%emt 00:00:37]} Qa7 {[%clk 00:27:19]} {[%emt 00:05:12]} 30. Rb5 {[%clk
00:05:49]} {[%emt 00:02:12]} Rxb5 {[%clk 00:13:59]} {[%emt 00:13:51]} 31. Qxb5
{[%clk 00:06:18]} {[%emt 00:00:02]} Qc5 {[%clk 00:13:41]} {[%emt 00:00:46]} 32.
Qxc5 {[%clk 00:05:53]} {[%emt 00:00:55]} dxc5 {[%clk 00:14:03]} {[%emt
00:00:07]} 33. Kb2 {[%clk 00:06:17]} {[%emt 00:00:06]} h6 {[%clk 00:11:38]}
{[%emt 00:02:55]} 34. gxh6 {[%clk 00:06:33]} {[%emt 00:00:15]} gxh6 {[%clk
00:10:18]} {[%emt 00:01:49]} 35. h5 {[%clk 00:06:51]} {[%emt 00:00:12]} Kg7
{[%clk 00:09:36]} {[%emt 00:01:11]} 36. c3 {[%clk 00:04:57]} {[%emt 00:02:25]}
f5 {[%clk 00:09:05]} {[%emt 00:01:01]} 37. cxb4 {[%clk 00:04:44]} {[%emt
00:00:44]} cxb4 {[%clk 00:09:30]} {[%emt 00:00:04]} 38. Kc2 {[%clk 00:04:17]}
{[%emt 00:00:57]} Kf6 {[%clk 00:09:33]} {[%emt 00:00:26]} 39. Kd2 {[%clk
00:02:58]} {[%emt 00:01:50]} Kg5 {[%clk 00:09:00]} {[%emt 00:01:02]} 40. Bd3
{[%clk 00:03:06]} {[%emt 00:00:22]} Kxh5 {[%clk 00:07:14]} {[%emt 00:02:17]} 41.
Bxf5 {[%clk 00:03:35]} {[%emt 00:00:02]} Kg5 {[%clk 00:07:17]} {[%emt
00:00:25]} 42. Be4 {[%clk 00:02:24]} {[%emt 00:01:42]} Kf4 {[%clk 00:05:16]}
{[%emt 00:02:31]} 43. Ke2 {[%clk 00:02:38]} {[%emt 00:00:16]} Bc5 {[%clk
00:00:32]} {[%emt 00:05:14]} 44. Bg6 {[%clk 00:02:31]} {[%emt 00:00:37]} Kg5
{[%clk 00:30:04]} {[%emt 00:00:58]} 45. Be4 {[%clk 00:32:46]} {[%emt 00:00:15]}
h5 {[%clk 00:30:21]} {[%emt 00:00:12]} 46. Kf1 {[%clk 00:33:11]} {[%emt
00:00:06]} h4 {[%emt 00:00:15]} 47. Kg2  1/2-1/2

[Event "2023 Welsh Championship"]
[Site "Cardiff"]
[Date "2023.04.07"]
[Round "2"]
[Board "6"]
[White "Hatchett, Paul"]
[Black "Smith, Lynda"]
[Result "1/2-1/2"]
[WhiteElo "1967"]
[BlackElo "1786"]
[PlyCount "0"]
[EventDate "2023.04.07"]
[EventRounds "7"]
[EventCountry "WLS"]

1. b4 {[%clk 01:30:55]} {[%emt 00:00:03]} f5 {[%clk 01:30:34]} {[%emt
00:00:27]} 2. Bb2 {[%clk 01:31:20]} {[%emt 00:00:06]} Nf6 {[%clk 01:31:00]}
{[%emt 00:00:04]} 3. e3 {[%clk 01:31:01]} {[%emt 00:00:49]} g6 {[%clk
01:30:49]} {[%emt 00:00:40]} 4. c4 {[%clk 01:29:28]} {[%emt 00:02:03]} Bg7
{[%clk 01:30:26]} {[%emt 00:00:52]} 5. Qb3 {[%clk 01:29:51]} {[%emt 00:00:06]}
e6 {[%clk 01:29:58]} {[%emt 00:00:59]} 6. Nf3 {[%clk 01:23:45]} {[%emt
00:06:37]} b6 {[%clk 01:28:36]} {[%emt 00:01:51]} 7. d4 {[%clk 01:15:55]}
{[%emt 00:08:19]} Bb7 {[%clk 01:27:55]} {[%emt 00:01:12]} 8. Nbd2 {[%clk
01:10:44]} {[%emt 00:05:40]} O-O {[%clk 01:27:20]} {[%emt 00:01:05]} 9. b5
{[%clk 01:06:21]} {[%emt 00:04:54]} Ne4 {[%clk 01:24:51]} {[%emt 00:02:59]} 10.
h4 {[%clk 01:01:03]} {[%emt 00:05:47]} h6 {[%clk 01:23:12]} {[%emt 00:02:09]}
11. Rc1 {[%clk 00:59:16]} {[%emt 00:02:17]} c5 {[%clk 01:19:00]} {[%emt
00:04:43]} 12. Bd3 {[%clk 00:51:15]} {[%emt 00:08:29]} d6 {[%clk 01:15:00]}
{[%emt 00:04:31]} 13. Qc2 {[%clk 00:50:04]} {[%emt 00:01:40]} Nxd2 {[%clk
01:14:06]} {[%emt 00:01:25]} 14. Nxd2 {[%clk 00:48:00]} {[%emt 00:02:32]} Nd7
{[%clk 01:13:12]} {[%emt 00:01:26]} 15. f3 {[%clk 00:42:19]} {[%emt 00:06:10]}
Nf6 {[%clk 01:09:26]} {[%emt 00:04:17]} 16. Kf2 {[%clk 00:41:39]} {[%emt
00:01:09]} Qc7 {[%clk 01:06:20]} {[%emt 00:03:37]} 17. e4 {[%clk 00:32:29]}
{[%emt 00:09:39]} Nh5 {[%clk 00:57:18]} {[%emt 00:09:33]} 18. exf5 {[%clk
00:26:40]} {[%emt 00:06:19]} gxf5 {[%clk 00:55:05]} {[%emt 00:02:44]} 19. Nb3
{[%clk 00:21:17]} {[%emt 00:05:53]} d5 {[%clk 00:51:33]} {[%emt 00:04:03]} 20.
Rh3 {[%clk 00:20:41]} {[%emt 00:01:05]} Nf4 {[%clk 00:48:42]} {[%emt 00:03:20]}
21. Rg3 {[%clk 00:21:04]} {[%emt 00:00:08]} Nh5 {[%clk 00:48:45]} {[%emt
00:00:27]} 22. Rh3 {[%clk 00:21:17]} {[%emt 00:00:15]} Nf4 {[%clk 00:46:57]}
{[%emt 00:02:19]} 23. Rg3 {[%clk 00:21:20]} {[%emt 00:00:27]}  1/2-1/2

[Event "2023 Welsh Championship"]
[Site "Cardiff"]
[Date "2023.04.07"]
[Round "2"]
[Board "7"]
[White "Rathbone-Jones, Ifan"]
[Black "Morris, Charles F"]
[Result "1-0"]
[WhiteElo "1946"]
[BlackElo "2081"]
[PlyCount "0"]
[EventDate "2023.04.07"]
[EventRounds "7"]
[EventCountry "WLS"]

1. d4 {[%clk 01:30:57]} {[%emt 00:00:02]} e6 {[%clk 01:30:54]} {[%emt
00:00:06]} 2. Bf4 {[%clk 01:31:15]} {[%emt 00:00:11]} f5 {[%clk 01:31:14]}
{[%emt 00:00:11]} 3. h3 {[%clk 01:29:47]} {[%emt 00:01:59]} Nf6 {[%clk
01:30:27]} {[%emt 00:01:16]} 4. g4 {[%clk 01:30:03]} {[%emt 00:00:14]} g6
{[%clk 01:27:02]} {[%emt 00:03:55]} 5. e3 {[%clk 01:26:37]} {[%emt 00:03:56]}
Bg7 {[%clk 01:26:05]} {[%emt 00:01:28]} 6. Nc3 {[%clk 01:25:38]} {[%emt
00:01:29]} d6 {[%clk 01:25:42]} {[%emt 00:00:52]} 7. g5 {[%clk 01:22:41]}
{[%emt 00:03:27]} Nh5 {[%clk 01:23:42]} {[%emt 00:02:30]} 8. Bh2 {[%clk
01:23:02]} {[%emt 00:00:08]} Qxg5 {[%clk 01:23:56]} {[%emt 00:00:17]} 9. Be2
{[%clk 01:23:25]} {[%emt 00:00:08]} Bd7 {[%clk 01:23:10]} {[%emt 00:01:15]} 10.
Bxh5 {[%clk 01:18:57]} {[%emt 00:04:59]} Qxh5 {[%clk 01:23:25]} {[%emt
00:00:14]} 11. Qxh5 {[%clk 01:18:22]} {[%emt 00:01:05]} gxh5 {[%clk 01:23:50]}
{[%emt 00:00:05]} 12. Nge2 {[%clk 01:18:42]} {[%emt 00:00:11]} Ke7 {[%clk
01:18:18]} {[%emt 00:06:02]} 13. Rg1 {[%clk 01:14:20]} {[%emt 00:04:53]} Bf8
{[%clk 01:11:16]} {[%emt 00:07:31]} 14. Bg3 {[%clk 01:06:06]} {[%emt 00:08:44]}
Be8 {[%clk 01:05:24]} {[%emt 00:06:22]} 15. Bh4+ {[%clk 01:04:51]} {[%emt
00:01:44]} Kf7 {[%clk 01:05:47]} {[%emt 00:00:06]} 16. Nf4 {[%clk 01:02:45]}
{[%emt 00:02:36]} Be7 {[%clk 01:06:08]} {[%emt 00:00:09]} 17. Bxe7 {[%clk
00:58:12]} {[%emt 00:05:04]} Kxe7 {[%clk 01:06:33]} {[%emt 00:00:04]} 18. Rg7+
{[%clk 00:56:10]} {[%emt 00:02:32]} Bf7 {[%clk 01:06:56]} {[%emt 00:00:07]} 19.
O-O-O {[%clk 00:56:02]} {[%emt 00:00:38]} Kf8 {[%clk 00:59:11]} {[%emt
00:08:14]} 20. Rdg1 {[%clk 00:55:33]} {[%emt 00:01:00]} c6 {[%clk 00:59:06]}
{[%emt 00:00:35]} 21. d5 {[%clk 00:52:27]} {[%emt 00:03:37]} exd5 {[%clk
00:52:08]} {[%emt 00:07:28]} 22. Nce2 {[%clk 00:51:08]} {[%emt 00:01:49]} c5
{[%clk 00:52:05]} {[%emt 00:00:33]} 23. R7g5 {[%clk 00:51:25]} {[%emt
00:00:14]} Rg8 {[%clk 00:48:48]} {[%emt 00:03:46]} 24. Rxg8+ {[%clk 00:49:49]}
{[%emt 00:02:07]} Bxg8 {[%clk 00:49:12]} {[%emt 00:00:05]} 25. Rg5 {[%clk
00:50:15]} {[%emt 00:00:04]} Nd7 {[%clk 00:48:30]} {[%emt 00:01:11]} 26. Rxf5+
{[%clk 00:45:52]} {[%emt 00:04:54]} Ke7 {[%clk 00:48:52]} {[%emt 00:00:08]} 27.
Nxd5+ {[%clk 00:43:58]} {[%emt 00:02:24]} Bxd5 {[%clk 00:49:05]} {[%emt
00:00:17]} 28. Rxd5 {[%clk 00:44:23]} {[%emt 00:00:05]} Nf6 {[%clk 00:45:16]}
{[%emt 00:04:19]} 29. Rg5 {[%clk 00:36:40]} {[%emt 00:08:13]} Rg8 {[%clk
00:43:15]} {[%emt 00:02:31]} 30. Rxg8 {[%clk 00:36:41]} {[%emt 00:00:30]} Nxg8
{[%clk 00:43:38]} {[%emt 00:00:07]} 31. Nf4 {[%clk 00:36:47]} {[%emt 00:00:23]}
Nf6 {[%clk 00:43:54]} {[%emt 00:00:13]} 32. f3 {[%clk 00:32:55]} {[%emt
00:04:23]} d5 {[%clk 00:44:05]} {[%emt 00:00:19]} 33. Kd2 {[%clk 00:32:26]}
{[%emt 00:00:59]} Kd6 {[%clk 00:44:17]} {[%emt 00:00:18]} 34. b3 {[%clk
00:25:17]} {[%emt 00:07:40]} b6 {[%clk 00:42:27]} {[%emt 00:02:20]} 35. c4
{[%clk 00:22:40]} {[%emt 00:03:07]} dxc4 {[%clk 00:42:47]} {[%emt 00:00:09]} 36.
bxc4 {[%clk 00:23:07]} {[%emt 00:00:04]} Ke5 {[%clk 00:43:10]} {[%emt
00:00:06]} 37. h4 {[%clk 00:21:03]} {[%emt 00:02:34]} Kd6 {[%clk 00:42:23]}
{[%emt 00:01:17]} 38. e4 {[%clk 00:18:59]} {[%emt 00:02:34]} Nd7 {[%clk
00:42:43]} {[%emt 00:00:09]} 39. Nd3 {[%clk 00:19:08]} {[%emt 00:00:22]} Nf8
{[%clk 00:42:36]} {[%emt 00:00:37]} 40. f4 {[%clk 00:10:07]} {[%emt 00:09:32]}
Ng6 {[%clk 00:42:54]} {[%emt 00:00:12]} 41. f5 {[%clk 00:08:05]} {[%emt
00:02:32]} Nxh4 {[%clk 00:43:13]} {[%emt 00:00:10]} 42. Ke3 {[%clk 00:08:30]}
{[%emt 00:00:06]} Ke7 {[%clk 00:43:18]} {[%emt 00:00:24]} 43. Kf4 {[%clk
00:04:53]} {[%emt 00:04:08]} Kf6 {[%clk 00:42:54]} {[%emt 00:00:54]} 44. e5+
{[%clk 00:25:34]} {[%emt 00:09:50]} Kf7 {[%clk 01:13:10]} {[%emt 00:00:13]} 45.
Ne1 {[%clk 00:26:00]} {[%emt 00:00:05]} h6 {[%clk 01:13:18]} {[%emt 00:00:21]}
46. Nc2 {[%clk 00:26:26]} {[%emt 00:00:05]} Ke7 {[%clk 01:10:26]} {[%emt
00:03:22]} 47. Ne3 {[%clk 00:26:47]} {[%emt 00:00:09]} Kf7 {[%clk 01:10:10]}
{[%emt 00:00:45]} 48. Kg3 {[%clk 00:27:07]} {[%emt 00:00:11]}  1-0